00530nam a22001337a 4500008004100000020001500041040005500056080002700111245018100138260002900319300001400348650001200362700002200374230608b |||||||| |||| 00| 0 eng d a0855011580 aNational Science LibrarycNational Science Library a620.168.36(082.2) bL8 aParticle size analysis c/ Proceedings of a Conference organized by the Analytical Division of the Chemical Society and held at the University of Salford, 12-15 September 1977 aLondon: bHeyden, c1978 axi, 492p. aScience aGroves, M J (Ed.)